Stratégia a manažment penzijných fondov

Vymedzenie pojmu penzijný fond v širšom a užšom zmysle. Základné charakteristiky investícií. Pasívny a aktívny manažment. Rizikový manažment, jeho ciele. Investovanie v rámci II.dôchodkového piliera na Slovensku.

Gespeichert in:
Bibliographische Detailangaben
1. Verfasser: Škrovánková, Lea, 1954-
Weitere Verfasser: Bilíková, Mária, 1951-
Format: Buchkapitel
Sprache:Slowakisch
Schlagworte:
Tags: Tag hinzufügen
Keine Tags, Fügen Sie das erste Tag hinzu!

MARC

LEADER 00000naa$a2200000$$$4500
001 0074977
005 20240502071900.8
041 0 |a slo 
044 |a SK 
245 1 0 |a Stratégia a manažment penzijných fondov  |c Lea Škrovánková, Mária Bilíková 
520 |a Vymedzenie pojmu penzijný fond v širšom a užšom zmysle. Základné charakteristiky investícií. Pasívny a aktívny manažment. Rizikový manažment, jeho ciele. Investovanie v rámci II.dôchodkového piliera na Slovensku. 
610 2 0 |a manažment strategický 
610 2 0 |a fondy penzijné 
610 2 0 |a investovanie 
610 2 0 |a portfólio 
610 2 0 |a papiere cenné 
610 2 0 |a Slovensko 
610 2 0 |a riadenie rizík 
100 1 |a Škrovánková, Lea, 1954- 
700 1 |a Bilíková, Mária, 1951-